| 000 | 00356 a2200169 4500 | ||
|---|---|---|---|
| 001 | 192092 | ||
| 020 | _a978-85-262-7531-7 | ||
| 040 | _cMagnum | ||
| 100 | _aGrimm, Wilhelm | ||
| 240 | 1 | 0 |
_aO pequeno polegar _lpor |
| 245 | 1 | 0 | _aO pequeno polegar |
| 300 | _a23 | ||
| 362 | 0 | _a2010 | |
| 440 | 1 | _aScipione | |
| 697 | _aLITERATURA INFANTO | ||
| 942 | _cBK | ||
| 999 |
_c192092 _d192092 |
||